000 00628nam a2200229Ia 4500
005 20260115173621.0
008 008 260114s9999 xx 000 0 eng d
020 _a9780511498848
037 _aEBOOK
040 _aCRL
_beng
_cCRL
041 _aeng
_2eng
084 _qCRL
100 _aRescher
_9888973
245 0 _aPresumption and the Practices of Tentative Cognition
260 _bCambridge University Press
260 _bCambridge University Press
260 _c2006
650 _aPhilosophy
_9888974
856 _uhttps://doi.org/10.1017/CBO9780511498848
942 _cEBOOK
999 _c1486188
_d1486188